Налоги и налогообложение: учебник для прикладного бакалавриата

Podrobná bibliografie
Korporativní autor: Российский экономический университет им. Г. В. Плеханова (РЭУ)
Další autoři: Маршавина Л. Я. (редактор), Чайковская Л. А.
Shrnutí:Учебник подготовлен авторским коллективом кафедры налогов и налогообложения Российского экономического университета им. Г. В. Плеханова. В нем рассмотрены основные вопросы дисциплины «Налоги и налогообложение». Изложен ряд теоретико-методологических проблем развития налогового федерализма и государственных внебюджетных фондов. Освещены вопросы налогообложения в зарубежных странах. Современная налоговая система России представлена по состоянию на 1 декабря 2013 г. Учтены изменения, внесенные в налоговое законодательство РФ и вступающие в силу с 1 января 2014 г.
Jazyk:ruština
Vydáno: Москва, Юрайт, 2014
Edice:Бакалавр. Прикладной курс
Témata:
Médium: MixedMaterials Kniha
KOHA link:https://koha.lib.tpu.ru/cgi-bin/koha/opac-detail.pl?biblionumber=250280

MARC

LEADER 00000nam0a2200000 4500
001 250280
005 20231101232541.0
010 |a 9785991635417 
035 |a (RuTPU)RU\TPU\book\272465 
090 |a 250280 
100 |a 20140212d2014 m y0rusy50 ca 
101 0 |a rus 
102 |a RU 
105 |a a j 001zy 
200 1 |a Налоги и налогообложение  |e учебник для прикладного бакалавриата  |f Российский экономический университет им. Г. В. Плеханова (РЭУ) ; под ред. Л. Я. Маршавиной, Л. А. Чайковской 
210 |a Москва  |c Юрайт  |d 2014 
215 |a 503 с.  |c ил. 
225 1 |a Бакалавр. Прикладной курс 
320 |a Библиогр.: с. 502-503. 
330 |a Учебник подготовлен авторским коллективом кафедры налогов и налогообложения Российского экономического университета им. Г. В. Плеханова. В нем рассмотрены основные вопросы дисциплины «Налоги и налогообложение». Изложен ряд теоретико-методологических проблем развития налогового федерализма и государственных внебюджетных фондов. Освещены вопросы налогообложения в зарубежных странах. Современная налоговая система России представлена по состоянию на 1 декабря 2013 г. Учтены изменения, внесенные в налоговое законодательство РФ и вступающие в силу с 1 января 2014 г. 
606 1 |a Налоги  |2 stltpush  |3 (RuTPU)RU\TPU\subj\36467  |9 57834 
610 1 |a налогообложение 
610 1 |a налоговая система 
610 1 |a Российская Федерация 
610 1 |a сборы 
610 1 |a налоговое администрирование 
610 1 |a налоговые органы 
610 1 |a налоговый контроль 
610 1 |a налоговые правонарушения 
610 1 |a федеральные налоги 
610 1 |a налог на добавленную стоимость 
610 1 |a налог на доходы физических лиц 
610 1 |a налог на прибыль 
610 1 |a налог на прибыль организаций 
610 1 |a налог на добычу полезных ископаемых 
610 1 |a водный налог 
610 1 |a региональные налоги 
610 1 |a местные налоги 
610 1 |a специальные налоговые режимы 
610 1 |a межбюджетные отношения 
610 1 |a страховые взносы 
610 1 |a внебюджетные фонды 
610 1 |a некоммерческие организации 
610 1 |a коммерческие банки 
610 1 |a зарубежные страны 
610 1 |a тесты 
610 1 |a учебники 
686 |a У9(2)261.4я73  |v LBC/SL-A  |2 rubbk 
702 1 |a Маршавина  |b Л. Я.  |4 340 
702 1 |a Чайковская  |b Л. А.  |4 340 
712 0 2 |a Российский экономический университет им. Г. В. Плеханова (РЭУ)  |c (2010- )  |2 stltpush  |3 (RuTPU)RU\TPU\col\17770 
801 1 |a RU  |b 63413507  |c 20140212 
801 2 |a RU  |b 63413507  |c 20150625  |g RCR 
942 |c BK 
959 |a 23/20140207  |d 5  |e 429,00  |f ЧЗГЛ:1  |f АНЛ:1  |f УФ:3